Statistics for Countries which are more Developed than their Neighbours

Click here to take the quiz!

General Stats

  • This quiz has been taken 152 times
    (21 since last reset)
  • The average score is 14 of 25

Answer Stats

HDICountries% Correct
0.952Denmark
85%
0.966Norway
85%
0.929South Korea
85%
0.967Switzerland
85%
0.860Chile
80%
0.717South Africa
80%
0.915Israel
75%
0.935Canada
70%
0.766Dominican Republic
70%
0.950Ireland
70%
0.911Spain
70%
0.937United Arab Emirates
65%
0.893Greece
60%
0.820Panama
60%
0.875Qatar
60%
0.823Brunei
55%
0.765Ecuador
50%
0.899Estonia
50%
0.601Kenya
50%
0.602Ghana
40%
0.746Libya
40%
0.693Gabon
30%
0.674El Salvador
15%
0.515Djibouti
10%
0.670Bangladesh
5%

Score Distribution

Percentile by Number Answered

Percent of People with Each Score

Your Score History

You have not taken this quiz since the last reset